I-95 States - Sudden Death - Statistics

General Stats
  • This quiz has been taken 29 times
  • The average score is 12 of 15
Answers on the Grid
Answers color-coded by a green-red scale on the quiz's grid according to % correct below.
Arizona
California
Connecticut
Delaware
Florida
Georgia
Idaho
Illinois
Indiana
Louisiana
Maine
Maryland
Massachusetts
New Hampshire
New Jersey
New York
North Carolina
Ohio
Oregon
Pennsylvania
Rhode Island
South Carolina
Tennessee
Texas
Vermont
Virginia
West Virginia
 
Answer Stats
Answer % Correct
Florida
92%
Georgia
88%
Maryland
88%
North Carolina
88%
Pennsylvania
88%
South Carolina
88%
Virginia
88%
New Jersey
84%
Delaware
76%
Maine
76%
Connecticut
72%
Massachusetts
72%
New Hampshire
72%
New York
72%
Rhode Island
68%
No matching quizzes found
Score Distribution
Percent of People with Each Score
Percentile by Number Answered
Your Score History
You have not taken this quiz